Quality assurance in analytical chemistry : (Record no. 20116)

MARC details
000 -LEADER
fixed length control field 02179nam a2200433 i 4500
003 - CONTROL NUMBER IDENTIFIER
control field EG-ScBUE
005 - DATE AND TIME OF LATEST TRANSACTION
control field 20250728103109.0
006 - FIXED-LENGTH DATA ELEMENTS--ADDITIONAL MATERIAL CHARACTERISTICS--GENERAL INFORMATION
fixed length control field a||||f ||z 00| 0
008 - FIXED-LENGTH DATA ELEMENTS--GENERAL INFORMATION
fixed length control field 150702r20082004ii a f b 001 0 eng d
020 ## - INTERNATIONAL STANDARD BOOK NUMBER
International Standard Book Number 818128139X
020 ## - INTERNATIONAL STANDARD BOOK NUMBER
International Standard Book Number 9788181281395
040 ## - CATALOGING SOURCE
Original cataloging agency EG-ScBUE
Language of cataloging eng
Description conventions rda
Transcribing agency EG-ScBUE
Modifying agency EG-ScBUE
082 04 - DEWEY DECIMAL CLASSIFICATION NUMBER
Edition number 22
Classification number 543
Item number QUA
245 00 - TITLE STATEMENT
Title Quality assurance in analytical chemistry :
Remainder of title training and teaching /
Statement of responsibility, etc Bernard W. Wenclawiak, Michael Koch, Evsovios Hadjicostas (Eds.)
250 ## - EDITION STATEMENT
Edition statement Reprint edition.
264 ## - PUBLICATION, DISTRIBUTION, ETC. (IMPRINT)
Place of publication, distribution, etc New Delhi :
Name of publisher, distributor, etc Springer (India) Private Limited,
Date of publication, distribution, etc 2008.
300 ## - PHYSICAL DESCRIPTION
Extent xvi, 280 pages :
Other physical details illustrations ;
Dimensions 24 cm +
Accompanying material 1 CD
336 ## - CONTENT TYPE
Source rdacontent
Content type term text
Content type code txt
336 ## - CONTENT TYPE
Source rdacontent
Content type term sounds
Content type code snd
337 ## - MEDIA TYPE
Source rdamedia
Media type term audio
Media type code s
337 ## - MEDIA TYPE
Source rdamedia
Media type term unmediated
Media type code n
338 ## - CARRIER TYPE
Source rdacarrier
Carrier type term volume
Carrier type code nc
338 ## - CARRIER TYPE
Source rdacarrier
Carrier type term computer disc
Carrier type code cd
500 ## - GENERAL NOTE
General note "With more than 750 PowerPoint transparencies" -- on cover.
500 ## - GENERAL NOTE
General note Reprinted of 2004 ed.
504 ## - BIBLIOGRAPHY, ETC. NOTE
Bibliography, etc Includes bibliographical references and index.<br/>
505 ## - FORMATTED CONTENTS NOTE
Formatted contents note Glossary of Analytical Chemistry Terms (GAT) - - Fit for Purpose A Customers View - - Accreditation - ISO/IEC 17025 - - ISO 9000:2000 Quality Management System - - Accreditation or Certification for Laboratories? - - Good Laboratory Practice - - Total Quality Management and Cost of Quality - - Quality Manual - - Basic Statistics - - Calibration and Detection Limits - - Metrology in Chemistry and Traceability of Analytical Measurement Results - - Validation of analytical methods - - Measurement Uncertainty - - Control Charts - - Certified Reference Materials - - Interlaboratory Tests.
650 #7 - SUBJECT ADDED ENTRY--TOPICAL TERM
Source of heading or term BUEsh
9 (RLIN) 39325
Topical term or geographic name as entry element Chemistry, Analytic
General subdivision Quality control.
650 #7 - SUBJECT ADDED ENTRY--TOPICAL TERM
9 (RLIN) 13137
Topical term or geographic name as entry element Chemistry, Analytic.
Source of heading or term BUEsh
650 #7 - SUBJECT ADDED ENTRY--TOPICAL TERM
9 (RLIN) 39326
Topical term or geographic name as entry element Chemical laboratories
General subdivision Quality control.
Source of heading or term BUEsh
651 ## - SUBJECT ADDED ENTRY--GEOGRAPHIC NAME
Source of heading or term BUEsh
653 ## - INDEX TERM--UNCONTROLLED
Resource For college Engineering, General
Arrived date list March2016
653 ## - INDEX TERM--UNCONTROLLED
Resource For college Engineering, Chemical
Arrived date list March2016
655 ## - INDEX TERM--GENRE/FORM
Form subdivision Reading book
700 1# - ADDED ENTRY--PERSONAL NAME
Title of a work M. Koch,
9 (RLIN) 39284
Personal name Wenclawiak, Bernd.
Relator term editor.
700 1# - ADDED ENTRY--PERSONAL NAME
9 (RLIN) 39291
Personal name Koch, Michael.
Relator term editor.
700 ## - ADDED ENTRY--PERSONAL NAME
9 (RLIN) 39292
Personal name Hadjicostas, Evsovios.
Relator term editor.
942 ## - ADDED ENTRY ELEMENTS (KOHA)
Source of classification or shelving scheme Dewey Decimal Classification
Koha item type Book - Borrowing
Holdings
Withdrawn status Lost status Source of classification or shelving scheme Damaged status Not for loan Collection code Home library Current library Shelving location Date acquired Source of acquisition Cost, normal purchase price Serial Enumeration / chronology Total Checkouts Full call number Barcode Date last seen Date checked out Cost, replacement price Koha item type Price effective from
    Dewey Decimal Classification     Scientific_Group Central Library Central Library First floor 09/03/2016 Purchase 350.00 1091 1 543 QUA 000039243 15/07/2025 29/01/2017 438.00 Book - Borrowing  
    Dewey Decimal Classification       Central Library Central Library First floor 14/02/2016 Purchase       543 QUA 000031482 04/08/2019     CD | DVD - With book 14/02/2016